Explorando las encuestas /

保存先:
書誌詳細
第一著者: Arias Ramírez, Bernal
フォーマット: テキスト
主題:
タグ: タグ追加
タグなし, このレコードへの初めてのタグを付けませんか!

MARC

LEADER 00000 a a2200000 04500
001 16786
003
040
100 |a Arias Ramírez, Bernal  
245 |a Explorando las encuestas /  |c Bernal Arias Ramírez 
500 |a En Na. 19392.00 se encuentra informacion complementaria para este articulo  
650 |a ENCUESTAS  
650 |a ANALISIS DE DATOS  
650 |a INVESTIGACION SOCIAL  
650 |a ETICA  
773 |g volumen 10, número 1; páginas 153-190  
999 |c 24813  |d 24813